| 000 | 00473nam a2200157 4500 | ||
|---|---|---|---|
| 001 | 139655 | ||
| 003 | ES-MaACL | ||
| 005 | 20230906195851.0 | ||
| 007 | t| | ||
| 008 | 070214q1916 it r ||||1| ita d | ||
| 100 | 1 |
_aScherillo, Michele. _9104314 |
|
| 245 | 1 | 3 |
_aL' opera buffa napoletana durante il Settecento _b: storia letteraria / _cMichele Scherillo. |
| 260 |
_a[S. l.] : _bR. Sandron, _c[1916?] |
||
| 300 |
_aXI, 541 p. ; _c21 x 14 cm. |
||
| 852 |
_aES-MaACL _jG-6299 |
||
| 999 |
_c139655 _d139655 |
||